Gefährliche Seelenkäufer?: Scientology und was dahintersteckt

Saved in:  
Bibliographic Details
Main Author: Pollern, Hans-Ingo von 1946- (Author)
Format: Print Book
Language:German
Subito Delivery Service: Order now.
Check availability: HBZ Gateway
WorldCat: WorldCat
Interlibrary Loan:Interlibrary Loan for the Fachinformationsdienste (Specialized Information Services in Germany)
Published: Freiburg [Schweiz] Kanisius-Verl. 1993
Konstanz Kanisiuswerk 1993
In: Informationen zur neuen religiösen Szene (1)
Year: 1993
Series/Journal:Informationen zur neuen religiösen Szene 1
Standardized Subjects / Keyword chains:B Scientology / Christianity

MARC

LEADER 00000cam a2200000 c 4500
001 1107986079
003 DE-627
005 20260326143537.0
007 tu
008 940318s1993 xx ||||| 00| ||ger c
015 |a 94,A03,0195  |2 dnb 
016 7 |a 940026163  |2 DE-101 
020 |a 3857643935  |9 3-85764-393-5 
035 |a (DE-627)1107986079 
035 |a (DE-576)037986074 
035 |a (DE-599)DNB940026163 
035 |a (OCoLC)37730887 
035 |a (OCoLC)37730887 
040 |a DE-627  |b ger  |c DE-627  |e rakwb 
041 |a ger 
084 |a BE 9000  |2 rvk  |0 (DE-625)rvk/10823: 
100 1 |0 (DE-588)1119476399  |0 (DE-627)872783472  |0 (DE-576)16258766X  |4 aut  |a Pollern, Hans-Ingo von  |d 1946- 
109 |a Pollern, Hans-Ingo von 1946- 
245 1 0 |a Gefährliche Seelenkäufer?  |b Scientology und was dahintersteckt  |c Hans-Ingo von Pollern 
264 1 |a Freiburg [Schweiz]  |b Kanisius-Verl.  |c 1993 
264 1 |a Konstanz  |b Kanisiuswerk  |c 1993 
300 |a 45 S. 
336 |a Text  |b txt  |2 rdacontent 
337 |a ohne Hilfsmittel zu benutzen  |b n  |2 rdamedia 
338 |a Band  |b nc  |2 rdacarrier 
490 1 |a Informationen zur neuen religiösen Szene  |v 1 
500 |a gekürzt zuerst in "Herder-Korrespondenz" 8/92 
583 1 |a Archivierung/Langzeitarchivierung gewährleistet  |f PEBW  |x XA-DE-BW  |2 pdager  |5 DE-31 
583 1 |a Archivierung/Langzeitarchivierung gewährleistet  |c 2026  |f SLG  |x XA-DE-BW  |z IGPP  |2 pdager  |5 DE-25 
689 0 0 |d s  |0 (DE-588)4054027-3  |0 (DE-627)106164384  |0 (DE-576)209106905  |2 gnd  |a Scientology 
689 0 1 |d s  |0 (DE-588)4010074-1  |0 (DE-627)104493933  |0 (DE-576)20888579X  |2 gnd  |a Christentum 
689 0 |5 (DE-627) 
830 0 |a Informationen zur neuen religiösen Szene  |v 1  |9 1  |w (DE-627)1107985978  |w (DE-576)037985973  |7 am 
935 |a mteo 
936 r v |a BE 9000  |b Gesamtdarstellungen, Allgemeines  |k Theologie und Religionswissenschaften  |k Religionswissenschaft  |k Religionsgeschichte  |k Religiöse Zeitgeschichte  |k Allgemeines  |k Gesamtdarstellungen, Allgemeines  |0 (DE-627)1270664301  |0 (DE-625)rvk/10823:  |0 (DE-576)200664301 
951 |a BO 
ELC |b 1 
ORI |a TA-MARC-ixtheo_oa001.raw 
STA 0 0 |a Christianity,Christian world view,World view,Christian ideology,Scientology 
STB 0 0 |a Christianisme,Christianisme,Scientologie 
STC 0 0 |a Cientología,Cristianismo,Cristianismo,Cristiandad,Cristiandad,Cristiandad (Motivo),Cristiandad 
STD 0 0 |a Cristianesimo,Cristianesimo,Scientology 
STE 0 0 |a 基督教,基督教,基督教世界观,山达基,基督教科学派 
STF 0 0 |a 基督教,基督教,基督教世界觀,山達基,基督教科學派 
STG 0 0 |a Cientologia,Cristianismo,Cristianismo,Cristandade,Cristandade,Cristandade (Motivo),Cristandade 
STH 0 0 |a Сиентология,Христианство (мотив),Христианство 
STI 0 0 |a Σαηεντολογία,Scientology,Χριστιανισμός (μοτίβο),Χριστιανισμός 
SYG 0 0 |a Christianity,Christliche Mission,Missionierung,Christenheit,Christianitas,Christliche Religion,Christliche Weltanschauung